Discursos del vicesecretario general del Movimiento, de la delegada nacional de la Sección Femenina y del ministro secretario general del Movimiento. (Record no. 57098)

MARC details
000 -LEADER
campo de control de longitud fija 00925nam a2200229 i 4500
001 - NÚMERO DE CONTROL
campo de control 57098
003 - IDENTIFICADOR DE NÚMERO DE CONTROL
campo de control ES-MaACL
005 - FECHA Y HORA DE LA ÚLTIMA TRANSACCIÓN
campo de control 20230906163520.0
007 - CAMPO FIJO DE DESCRIPCIÓN FÍSICA--INFORMACIÓN GENERAL
campo de control de longitud fija t|
008 - DATOS DE LONGITUD FIJA--INFORMACIÓN GENERAL
campo de control de longitud fija 031015s1964 sp ||||1| spa d
100 1# - ENTRADA PRINCIPAL--NOMBRE DE PERSONA
Nombre de persona Herrero Tejedor, Fernando.
9 (RLIN) 63344
245 10 - MENCIÓN DEL TÍTULO
Título Discursos del vicesecretario general del Movimiento, de la delegada nacional de la Sección Femenina y del ministro secretario general del Movimiento.
260 ## - PUBLICACIÓN, DISTRIBUCIÓN, ETC.
Lugar de publicación, distribución, etc. [Madrid] :
Nombre del editor, distribuidor, etc. Delegación Nacional de Provincias :
-- Ediciones del Movimiento,
Fecha de publicación, distribución, etc. [1964]
300 ## - DESCRIPCIÓN FÍSICA
Extensión 57 p. ;
Dimensiones 22 cm.
594 ## - Nota al título y mención de responsabilidad
Nota al título y mención de responsabilidad Precede al tít.: XXII Consejo Nacional de la Sección Femenina, celebrado en Pontevedra.
651 #4 - PUNTO DE ACCESO ADICIONAL DE MATERIA--NOMBRE GEOGRÁFICO
Nombre geográfico España-
Subdivisión general Historia-
Subdivisión cronológica 1955-1975.
9 (RLIN) 8337
700 1# - ENTRADA AGREGADA--NOMBRE PERSONAL
Nombre de persona Primo de Rivera, Pilar,
Fechas asociadas al nombre 1906-1991
9 (RLIN) 93971
700 1# - ENTRADA AGREGADA--NOMBRE PERSONAL
Nombre de persona Solís Ruiz, José.
9 (RLIN) 107219
710 2# - ENTRADA AGREGADA--NOMBRE DE ENTIDAD CORPORATIVA
Nombre de entidad corporativa o nombre de jurisdicción como elemento de entrada Ediciones del Movimiento.
9 (RLIN) 171800
852 ## - LOCALIZACIÓN
Ubicación ES-MaACL
Número de control de estantería C-24836
Holdings
Estatus retirado Estado de pérdida Estado de daño No para préstamo Biblioteca de origen Biblioteca actual Ubicación en estantería Fecha de adquisición Fuente de adquisición Total de préstamos Signatura topográfica completa Código de barras Visto por última vez Precio de reemplazo Tipo de ítem Koha
        Biblioteca del Ateneo de Madrid Biblioteca del Ateneo de Madrid Depósito 2 17/01/2008     C-24836 1059953 23/02/2023 23/02/2023 Libro impreso